Asset management in local authorities (Record no. 104479)

MARC details
000 -LEADER
fixed length control field 01090cam a2200229 4500
001 - CONTROL NUMBER
control field L130553
008 - FIXED-LENGTH DATA ELEMENTS--GENERAL INFORMATION
fixed length control field 050811n2005 000 0 eng u
035 ## - SYSTEM CONTROL NUMBER
System control number (Sirsi) u130553
041 ## - LANGUAGE CODE
Language code of text/sound track or separate title eng
050 ## - LIBRARY OF CONGRESS CALL NUMBER
Classification number 352.5
-- 18
110 ## - MAIN ENTRY--CORPORATE NAME
Corporate name or jurisdiction name as entry element Royal Institution of Chartered Surveyors
Subordinate unit Public Affairs
9 (RLIN) 4679
245 ## - TITLE STATEMENT
Title Asset management in local authorities
260 ## - PUBLICATION, DISTRIBUTION, ETC.
Place of publication, distribution, etc. London
Name of publisher, distributor, etc. RICS
Date of publication, distribution, etc. 2005
520 ## - SUMMARY, ETC.
Summary, etc. Guidance, commissioned by the ODPM and aimed at local authorities, on producing asset management plans. The guidelines place greater emphasis on service delivery and the links between effective property management and improved service delivery allowing local authorities to get better value from their property which makes an increased contribution to serving the authorities' strategic needs.
590 ## - LOCAL NOTE (RLIN)
Local note IKA160805
690 ## - LOCAL SUBJECT ADDED ENTRY--TOPICAL TERM (OCLC, RLIN)
Topical term or geographic name as entry element Block management
9 (RLIN) 6220
700 ## - ADDED ENTRY--PERSONAL NAME
Personal name Bentley, David
700 ## - ADDED ENTRY--PERSONAL NAME
Personal name Jones, Keith
700 ## - ADDED ENTRY--PERSONAL NAME
Personal name Mason, Nigel
856 ## - ELECTRONIC LOCATION AND ACCESS
Uniform Resource Identifier <a href="https://www.rics.org/RICSWEB/getpage.aspx?p=7GMyfr_qy0KTarmADXfznA">https://www.rics.org/RICSWEB/getpage.aspx?p=7GMyfr_qy0KTarmADXfznA</a>
Public note View the item free of charge at www.rics.org...
942 ## - ADDED ENTRY ELEMENTS (KOHA)
Suppress in OPAC 0
Holdings
Withdrawn status Lost status Source of classification or shelving scheme Damaged status Not for loan Home library Current library Shelving location Date acquired Total Checkouts Full call number Barcode Date last seen Copy number Price effective from Koha item type
    Dewey Decimal Classification     Virtual Virtual Online 11/08/2005   ONLINE PUBLICATION 130553-1001 06/08/2019 1 06/08/2019 Book